000 00566ntaaa2200205 4500
003 01
005 20251027202944.0
008 0714s1973 ag 01
020 _a842394963X
040 _aAR-BaBN
_bspa
_cAR-BaBN
_eaacr
_dRIC
082 _a940.1000 Sulh
100 _aSuárez Fernández, Luis
_930350
245 _aHistoria social y económica de la Edad Media europea
250 _a2 ed.rev.
260 _aMadrid :
_bEspasa-Calpe,
_c1984
300 _a453 p ;
_clam. : 22,5 cm
500 _aBibliografía: p. 433-453
650 _aedad media
_95712
942 _cBK
999 _c24889
_d24889